[Event "Ontario Grumette Memorial"]
[Site "Ontario"]
[Date "2014.05.26"]
[Round "5"]
[White "Warhula, Joseph E"]
[Black "Stevens, Lawrence"]
[Result "1/2-1/2"]
[WhiteElo "1949"]
[BlackElo "2106"]
[PlyCount "108"]
[EventDate "2014.05.24"]
[EventType "swiss"]
[EventRounds "6"]
[EventCountry "USA"]
[SourceTitle "EXT 2018"]
[Source "ChessBase"]
[SourceDate "2017.10.13"]
[SourceVersion "1"]
[SourceVersionDate "2017.10.13"]
[SourceQuality "1"]

1. f4 d5 2. b3 c5 3. Bb2 Nc6 4. Nf3 Bg4 5. e3 e6 6. Be2 Nf6 7. 0-0 Bd6 8. Ne5 Bxe2 9. Qxe2 Qc7 10. Nxc6 Qxc6 11. Bxf6 gxf6 12. c4 0-0-0 13. cxd5 Qxd5 14. Nc3 Qc6 15. Rac1 Kb8 16. Qb5 Qxb5 17. Nxb5 Be7 18. Rc2 Rd3 19. Rf2 Rhd8 20. Kf1 a6 21. Nc3 f5 22. Ke2 h5 23. Rf3 R3d7 24. Rg3 h4 25. Rg7 Bf6 26. Rh7 Rg8 27. Kf2 Bxc3 28. dxc3 Rgd8 29. Re2 c4 30. bxc4 Rc8 31. Rxh4 Rxc4 32. Rc2 Rdc7 33. Rh8+ Ka7 34. Rd8 Rxc3 35. Rxc3 Rxc3 36. Rd2 b5 37. h4 Kb6 38. Kf3 a5 39. h5 Rc1 40. g4 fxg4+ 41. Kxg4 Rg1+ 42. Kh4 b4 43. h6 Rh1+ 44. Kg5 a4 45. e4 Kc5 46. f5 exf5 47. exf5 b3 48. axb3 axb3 49. Kf6 Rxh6+ 50. Kxf7 Kc4 51. f6 Kc3 52. Rf2 b2 53. Rxb2 Kxb2 54. Kg7 Rxf6 1/2-1/2

[Event "Ontario Grumette Memorial"]
[Site "Ontario"]
[Date "2014.05.25"]
[Round "4"]
[White "Stevens, Lawrence"]
[Black "Raterman, Leo"]
[Result "1/2-1/2"]
[WhiteElo "2106"]
[BlackElo "2000"]
[PlyCount "89"]
[EventDate "2014.05.24"]
[EventType "swiss"]
[EventRounds "6"]
[EventCountry "USA"]
[SourceTitle "EXT 2018"]
[Source "ChessBase"]
[SourceDate "2017.10.13"]
[SourceVersion "1"]
[SourceVersionDate "2017.10.13"]
[SourceQuality "1"]

1. e4 e5 2. Nf3 Nc6 3. Bb5 a6 4. Ba4 Nf6 5. d3 b5 6. Bb3 Bc5 7. c3 0-0 8. 0-0 d6 9. h3 Qe7 10. Re1 Be6 11. Nbd2 Bb6 12. Nf1 Rad8 13. Be3 Ba5 14. Bxe6 fxe6 15. b4 Bb6 16. Bxb6 cxb6 17. a4 Ra8 18. Qb3 Kh8 19. Ng3 bxa4 20. Qxa4 Qb7 21. b5 Na5 22. Qb4 axb5 23. Qxb5 Rab8 24. Reb1 Nc6 25. Ra6 Nd7 26. Nd2 Na7 27. Qc4 Rfc8 28. Qa2 Nc6 29. Nc4 Ra8 30. Ra1 Rxa6 31. Qxa6 Qxa6 32. Rxa6 Ncb8 33. Ra3 d5 34. exd5 exd5 35. Ne3 d4 36. cxd4 exd4 37. Nef5 Rc3 38. Ra4 Rxd3 39. Nxd4 Rd1+ 40. Kh2 h6 41. Nge2 Kh7 42. Ra8 Rd2 43. Ra4 Nc5 44. Rc4 Nc6 45. Nxc6 1/2-1/2

[Event "Ontario Grumette Memorial"]
[Site "Ontario"]
[Date "2014.05.24"]
[Round "2"]
[White "Hough, Randall D"]
[Black "Stevens, Lawrence"]
[Result "0-1"]
[WhiteElo "2000"]
[BlackElo "2106"]
[PlyCount "48"]
[EventDate "2014.05.24"]
[EventType "swiss"]
[EventRounds "6"]
[EventCountry "USA"]
[SourceTitle "EXT 2018"]
[Source "ChessBase"]
[SourceDate "2017.10.13"]
[SourceVersion "1"]
[SourceVersionDate "2017.10.13"]
[SourceQuality "1"]

1. d4 d5 2. c4 dxc4 3. Nf3 Nf6 4. e3 Bg4 5. Bxc4 e6 6. 0-0 Nbd7 7. h3 Bh5 8. Nc3 Bb4 9. Qe2 0-0 10. Rd1 Qe7 11. e4 Nb6 12. Bb3 h6 13. e5 Nfd5 14. Ne4 Qe8 15. g4 Bg6 16. Nh4 Be7 17. Nxg6 fxg6 18. g5 h5 19. Nc5 Qf7 20. Kg2 Rae8 21. Rd3 Bxc5 22. dxc5 Nd7 23. Rxd5 exd5 24. e6 Rxe6 0-1

[Event "Ontario Grumette Memorial"]
[Site "Ontario"]
[Date "2014.05.24"]
[Round "1"]
[White "Stevens, Lawrence"]
[Black "Brown, Michael William"]
[Result "0-1"]
[WhiteElo "2106"]
[BlackElo "2403"]
[PlyCount "62"]
[EventDate "2014.05.24"]
[EventType "swiss"]
[EventRounds "6"]
[EventCountry "USA"]
[SourceTitle "EXT 2018"]
[Source "ChessBase"]
[SourceDate "2017.10.13"]
[SourceVersion "1"]
[SourceVersionDate "2017.10.13"]
[SourceQuality "1"]

1. e4 e5 2. Nf3 Nc6 3. Bb5 a6 4. Ba4 Nf6 5. d3 b5 6. Bb3 Be7 7. 0-0 d6 8. c3 0-0 9. Re1 Na5 10. Bc2 c5 11. Nbd2 Nc6 12. Nf1 Re8 13. h3 Bf8 14. Ng3 g6 15. Be3 d5 16. d4 exd4 17. Bg5 h6 18. exd5 Rxe1+ 19. Qxe1 hxg5 20. dxc6 d3 21. Bxd3 Qxd3 22. Rd1 Qc4 23. Rd8 Kg7 24. Qe5 Qf4 25. Qxg5 Qxg5 26. Nxg5 Bb7 27. Rxf8 Kxf8 28. cxb7 Rb8 29. N3e4 Nd7 30. Nd6 f6 31. Nge4 f5 0-1

[Event "Metropolitan Qual 22nd"]
[Site "Los Angeles"]
[Date "2012.08.03"]
[Round "1"]
[White "Stevens, Lawrence"]
[Black "Tatum, Kofi Odell"]
[Result "0-1"]
[WhiteElo "2039"]
[BlackElo "2068"]
[PlyCount "114"]
[EventDate "2012.08.03"]
[EventType "swiss"]
[EventRounds "5"]
[EventCountry "USA"]
[SourceTitle "EXT 2014"]
[Source "ChessBase"]
[SourceDate "2013.11.20"]
[SourceVersion "1"]
[SourceVersionDate "2013.11.20"]
[SourceQuality "1"]

1. e4 e6 2. d4 d5 3. e5 c5 4. c3 Nc6 5. Nf3 Bd7 6. Be2 Nge7 7. 0-0 Ng6 8. Re1 Rc8 9. a3 c4 10. Ng5 Be7 11. Nh3 Na5 12. Nd2 0-0 13. f4 b5 14. Rf1 Qb6 15. Kh1 f6 16. Nf3 Nb3 17. Rb1 Nxc1 18. Qxc1 f5 19. Qd2 a5 20. Rg1 b4 21. axb4 axb4 22. Nf2 Rb8 23. Rbc1 bxc3 24. bxc3 Ba3 25. Rc2 Ra8 26. g3 Ba4 27. Ra2 Bb3 28. Raa1 Rfb8 29. Ng5 h6 30. Nf3 Bf8 31. h4 Ne7 32. h5 Ra5 33. Nh4 Kf7 34. g4 Rba8 35. Rxa5 Rxa5 36. gxf5 Nxf5 37. Nxf5 exf5 38. Rg6 Qd8 39. Qe3 Qh4+ 40. Kg2 Bc2 41. Bf3 Be4 42. Rg3 Ra2 43. Rh3 Qd8 44. Kg3 Qb6 45. Bxe4 dxe4 46. Nxe4 fxe4 47. Qxe4 Ra3 48. Qd5+ Qe6 49. Qxe6+ Kxe6 50. Kg4 Ra1 51. f5+ Kd5 52. Re3 Rg1+ 53. Kf4 Be7 54. Re2 Rf1+ 55. Kg4 Rg1+ 56. Kf4 Rc1 57. e6 Rxc3 0-1

[Event "Metropolitan Qual 8th"]
[Site "Los Angeles"]
[Date "2011.07.31"]
[Round "4"]
[White "Stevens, Lawrence"]
[Black "Liao, Simone"]
[Result "1/2-1/2"]
[WhiteElo "2056"]
[BlackElo "1784"]
[PlyCount "62"]
[EventDate "2011.07.29"]
[EventType "swiss"]
[EventRounds "5"]
[EventCountry "USA"]
[SourceTitle "EXT 2013"]
[Source "ChessBase"]
[SourceDate "2012.11.22"]
[SourceVersion "1"]
[SourceVersionDate "2012.11.22"]
[SourceQuality "1"]

1. e4 e6 2. d4 d5 3. e5 c5 4. c3 Nc6 5. Nf3 Qb6 6. Be2 cxd4 7. cxd4 Nge7 8. b3 Nf5 9. Bb2 Bb4+ 10. Kf1 Be7 11. g3 Bd7 12. Kg2 Rc8 13. Nc3 0-0 14. Bd3 Ncxd4 15. Nxd4 Qxd4 16. Bxf5 Qxd1 17. Rhxd1 exf5 18. Nxd5 Bc6 19. Kf1 Bxd5 20. Rxd5 Rfd8 21. Rxd8+ Bxd8 22. Rd1 Bb6 23. Rd7 Rc2 24. Rxb7 h5 25. e6 fxe6 26. Rxg7+ Kf8 27. Be5 Rxf2+ 28. Ke1 Rxh2 29. Rh7 Rxa2 30. Rxh5 Rc2 31. Rh6 Kf7 1/2-1/2

[Event "Los Angeles Metropolitan qual 4th"]
[Site "Los Angeles"]
[Date "2011.06.04"]
[Round "3"]
[White "Krishnan, Varun"]
[Black "Stevens, Lawrence"]
[Result "1-0"]
[WhiteElo "2110"]
[BlackElo "2056"]
[PlyCount "51"]
[EventDate "2011.06.03"]
[EventType "swiss"]
[EventRounds "5"]
[EventCountry "USA"]
[SourceTitle "CBM 142 Extra"]
[Source "ChessBase"]
[SourceDate "2011.06.27"]
[SourceVersion "1"]
[SourceVersionDate "2011.06.27"]
[SourceQuality "1"]

1. e4 c5 2. Nf3 d6 3. d4 cxd4 4. Nxd4 Nf6 5. Nc3 g6 6. Be3 Bg7 7. f3 0-0 8. Qd2 Nc6 9. Bc4 Bd7 10. 0-0-0 Qa5 11. h4 Rfc8 12. Bb3 Ne5 13. g4 Nc4 14. Bxc4 Rxc4 15. h5 Rac8 16. Nb3 Qa6 17. hxg6 fxg6 18. Bh6 Rxc3 19. bxc3 Bxh6 20. Qxh6 Be6 21. g5 Bxb3 22. gxf6 exf6 23. Qxh7+ Kf8 24. Qh8+ Bg8 25. Qxf6+ Ke8 26. Qxd6 1-0

[Event "Los Angeles Metropolitan qual 3rd"]
[Site "Los Angeles"]
[Date "2011.05.15"]
[Round "5"]
[White "Clawitter, Craig"]
[Black "Stevens, Lawrence"]
[Result "1-0"]
[WhiteElo "2095"]
[BlackElo "2056"]
[PlyCount "71"]
[EventDate "2011.05.13"]
[EventType "swiss"]
[EventRounds "5"]
[EventCountry "USA"]
[SourceTitle "CBM 142 Extra"]
[Source "ChessBase"]
[SourceDate "2011.06.27"]
[SourceVersion "1"]
[SourceVersionDate "2011.06.27"]
[SourceQuality "1"]

1. e4 c5 2. Nf3 d6 3. d4 cxd4 4. Nxd4 Nf6 5. Nc3 g6 6. Be3 Bg7 7. f3 0-0 8. Qd2 Nc6 9. 0-0-0 Nxd4 10. Bxd4 Be6 11. Kb1 Qc7 12. g4 Rfc8 13. h4 Qa5 14. Qg5 Qxg5 15. hxg5 Nd7 16. Bxg7 Kxg7 17. Rh4 Ne5 18. Be2 Bc4 19. Rdh1 Rh8 20. Bxc4 Nxc4 21. Kc1 Rac8 22. Nd5 f6 23. Nxe7 fxg5 24. Rxh7+ Rxh7 25. Rxh7+ Kxh7 26. Nxc8 a6 27. b3 Ne5 28. Nxd6 b5 29. a3 Nxf3 30. Ne8 Ne5 31. Nc7 Nxg4 32. Nxa6 Nf2 33. Nc5 g4 34. Kd2 Nh3 35. Ke2 g3 36. Kf3 1-0

[Event "Los Angeles Metropolitan qual 3rd"]
[Site "Los Angeles"]
[Date "2011.05.13"]
[Round "1"]
[White "Stevens, Lawrence"]
[Black "Akopyan, Harutyun"]
[Result "0-1"]
[WhiteElo "2056"]
[BlackElo "2224"]
[PlyCount "60"]
[EventDate "2011.05.13"]
[EventType "swiss"]
[EventRounds "5"]
[EventCountry "USA"]
[SourceTitle "CBM 142 Extra"]
[Source "ChessBase"]
[SourceDate "2011.06.27"]
[SourceVersion "1"]
[SourceVersionDate "2011.06.27"]
[SourceQuality "1"]

1. e4 e5 2. Nf3 Nc6 3. Bb5 a6 4. Ba4 Nf6 5. d3 b5 6. Bb3 Bc5 7. c3 0-0 8. 0-0 Bb6 9. a4 Rb8 10. Na3 Bc5 11. axb5 axb5 12. d4 Bxa3 13. Rxa3 d6 14. Bg5 Qe7 15. Bd5 Rb6 16. h3 Nb8 17. Ra7 Na6 18. b4 h6 19. Bh4 g5 20. Bg3 Nxd5 21. exd5 e4 22. Qe2 f5 23. Nd2 f4 24. Nxe4 fxg3 25. Nxg3 Qxe2 26. Nxe2 Bb7 27. Ra1 Nb8 28. Ng3 Rf7 29. Ne4 Bxd5 30. f3 Kg7 0-1

[Event "Los Angeles Metropolitan qual 2nd"]
[Site "Los Angeles"]
[Date "2011.04.10"]
[Round "5"]
[White "Stevens, Lawrence"]
[Black "Kurosaki, Takashi"]
[Result "0-1"]
[WhiteElo "2068"]
[BlackElo "2148"]
[PlyCount "50"]
[EventDate "2011.04.09"]
[EventType "swiss"]
[EventRounds "5"]
[EventCountry "USA"]
[SourceTitle "CBM 141 Extra"]
[Source "ChessBase"]
[SourceDate "2011.05.03"]
[SourceVersion "1"]
[SourceVersionDate "2011.05.03"]
[SourceQuality "1"]

1. e4 c5 2. c3 a6 3. d4 cxd4 4. cxd4 d5 5. exd5 Nf6 6. Nc3 Nxd5 7. Nf3 Nc6 8. Bd3 Nf6 9. 0-0 e6 10. Bg5 Be7 11. Re1 0-0 12. Qd2 Nb4 13. Bb1 b6 14. a3 Nbd5 15. Qd3 g6 16. Ne5 Bb7 17. Qh3 Nh5 18. Bh6 Ndf4 19. Qe3 Nxg2 20. Nxf7 Rxf7 21. Qxe6 Nhf4 22. Bxf4 Nxf4 23. Qb3 Bh4 24. Ba2 Qg5+ 25. Kf1 Qg2# 0-1

[Event "Los Angeles Metropolitan qual 2nd"]
[Site "Los Angeles"]
[Date "2011.04.10"]
[Round "4"]
[White "Stevens, Lawrence"]
[Black "Lawrence, Danyul"]
[Result "1-0"]
[WhiteElo "2068"]
[BlackElo "2074"]
[PlyCount "77"]
[EventDate "2011.04.09"]
[EventType "swiss"]
[EventRounds "5"]
[EventCountry "USA"]
[SourceTitle "CBM 141 Extra"]
[Source "ChessBase"]
[SourceDate "2011.05.03"]
[SourceVersion "1"]
[SourceVersionDate "2011.05.03"]
[SourceQuality "1"]

1. e4 c5 2. c3 Nf6 3. e5 Nd5 4. d4 cxd4 5. Nf3 e6 6. cxd4 d6 7. a3 Be7 8. Bd3 0-0 9. 0-0 b6 10. Qe2 Bb7 11. Qe4 g6 12. Bh6 Re8 13. Nbd2 dxe5 14. dxe5 Nd7 15. Qe2 Rc8 16. Rac1 Rxc1 17. Rxc1 Qb8 18. h4 Rc8 19. Re1 Nc5 20. Bc4 a5 21. h5 Qa8 22. Nf1 Nc7 23. N1h2 Bc6 24. hxg6 hxg6 25. Bg5 Bf8 26. Bf6 Ne4 27. Ng4 Ne8 28. Bd3 N8xf6 29. exf6 Nc5 30. Bb1 Bxf3 31. gxf3 a4 32. Qe3 Rc7 33. Kg2 Qd8 34. Rh1 Rd7 35. Be4 Rd6 36. Qg5 Rd1 37. Nh6+ Kh7 38. Nxf7+ Rxh1 39. Qxg6# 1-0

[Event "USA-chT Amateur West"]
[Site "Woodland Hills"]
[Date "2010.02.15"]
[Round "5"]
[White "Hermansen, Ron"]
[Black "Stevens, Lawrence"]
[Result "0-1"]
[WhiteElo "2209"]
[BlackElo "2062"]
[PlyCount "82"]
[EventDate "2010.02.13"]
[EventType "team-swiss"]
[EventRounds "6"]
[EventCountry "USA"]
[SourceTitle "EXT 2014"]
[Source "ChessBase"]
[SourceDate "2013.11.20"]
[SourceVersion "1"]
[SourceVersionDate "2013.11.20"]
[SourceQuality "1"]

1. c4 e6 2. Nc3 d5 3. d4 c6 4. Nf3 dxc4 5. e3 b5 6. a4 Bb4 7. Ne5 Nf6 8. Qf3 Qd5 9. Qg3 0-0 10. f3 Nbd7 11. Kd1 Bxc3 12. Nxd7 Bxd4 13. exd4 Qxd4+ 14. Kc2 Bxd7 15. Bg5 e5 16. Rd1 Bf5+ 17. Kc1 Nh5 18. Qe1 Bd3 19. Be3 Qd5 20. Qh4 g6 21. Bh6 Rfb8 22. g4 Qd4 23. a5 b4 24. Bxd3 cxd3 25. Rd2 c5 26. Re1 Rb5 27. Re4 Rxa5 28. Kb1 Qd5 29. Rf2 Qa2+ 30. Kc1 Qa1+ 31. Kd2 Qxb2+ 32. Ke3 Qc1+ 33. Rd2 Ra2 34. Kxd3 Rxd2+ 35. Bxd2 Nf4+ 36. Bxf4 exf4 37. Qf6 Qd1+ 38. Kc4 Qc2+ 39. Kd5 Qd3+ 40. Kxc5 Rc8+ 41. Kxb4 Rb8+ 0-1

[Event "Southern California-ch cand"]
[Site "Garden Grove"]
[Date "2009.06.20"]
[Round "1"]
[White "Landaw, Julian W"]
[Black "Stevens, Lawrence"]
[Result "1-0"]
[WhiteElo "2286"]
[BlackElo "2089"]
[PlyCount "63"]
[EventDate "2009.06.20"]
[EventType "swiss"]
[EventRounds "4"]
[EventCountry "USA"]
[SourceTitle "EXT 2014"]
[Source "ChessBase"]
[SourceDate "2013.11.20"]
[SourceVersion "1"]
[SourceVersionDate "2013.11.20"]
[SourceQuality "1"]

1. e4 c5 2. Nc3 g6 3. g3 Bg7 4. Bg2 Nc6 5. d3 Nf6 6. f4 d6 7. h3 0-0 8. Be3 Ne8 9. g4 f5 10. exf5 gxf5 11. g5 Nc7 12. Qh5 Qe8 13. Qh4 Nd4 14. 0-0-0 Be6 15. Qf2 Rb8 16. Kb1 b5 17. Nce2 Nxe2 18. Nxe2 b4 19. d4 c4 20. d5 b3 21. cxb3 cxb3 22. a3 Nb5 23. dxe6 Nxa3+ 24. bxa3 Qa4 25. Nd4 b2 26. Rd3 Rfc8 27. Nc6 Rxc6 28. Bxc6 Qxc6 29. Re1 Qe4 30. Qc2 Qxe6 31. Bf2 Qd7 32. Bd4 1-0

[Event "Memorial Day Classic"]
[Site "Los Angeles"]
[Date "2004.05.29"]
[Round "1"]
[White "Stevens, Lawrence"]
[Black "Peters, Jack"]
[Result "0-1"]
[WhiteElo "2113"]
[BlackElo "2422"]
[PlyCount "88"]
[EventDate "2004.05.29"]
[EventType "swiss"]
[EventRounds "6"]
[EventCountry "USA"]
[SourceTitle "CBM 100 Extra"]
[Source "ChessBase"]
[SourceDate "2004.07.06"]
[SourceVersion "2"]
[SourceVersionDate "2004.07.06"]
[SourceQuality "1"]

1. e4 c5 2. c3 g6 3. d4 cxd4 4. cxd4 d5 5. exd5 Nf6 6. Bb5+ Bd7 7. Bc4 b5 8. Bb3 Bg7 9. Bf4 0-0 10. Ne2 Be8 11. d6 exd6 12. Nd2 Nc6 13. 0-0 Na5 14. Nf3 Bc6 15. Ng3 Qb6 16. Rc1 Nxb3 17. axb3 Rfe8 18. Qd3 Rad8 19. Bg5 Qb7 20. Rfd1 Rd7 21. Bxf6 Bxf3 22. Qxf3 Qxf3 23. gxf3 Bxf6 24. Ne4 Be7 25. Nc3 d5 26. Nxb5 Rb8 27. Nc3 Rxb3 28. Re1 Bf6 29. Red1 Rxb2 30. Ra1 Rb3 31. Ne2 Rxf3 32. Kg2 Rb3 33. Ra6 Bd8 34. Rda1 Bb6 35. R6a4 Rd3 36. Kf1 Kg7 37. Rc1 Rd6 38. Rb1 Rf6 39. Rb5 Rd1+ 40. Kg2 Rd2 41. Kf1 Re6 42. Nf4 Re4 43. Nxd5 Bxd4 44. Ne3 Rxf2+ 0-1

[Event "US Masters op"]
[Site "Hawaii"]
[Date "1998.07.28"]
[Round "8"]
[White "Chapin, Chip E"]
[Black "Stevens, Lawrence"]
[Result "0-1"]
[WhiteElo "2080"]
[BlackElo "2210"]
[PlyCount "86"]
[EventDate "1998.07.??"]
[EventType "swiss"]
[EventRounds "9"]
[EventCountry "USA"]
[SourceTitle "EXT 1999"]
[Source "ChessBase"]
[SourceDate "1998.11.16"]
[SourceVersion "1"]
[SourceVersionDate "1998.11.16"]
[SourceQuality "1"]

1. d4 d5 2. c4 dxc4 3. Nf3 Nf6 4. e3 Bg4 5. Bxc4 e6 6. h3 Bh5 7. Nc3 Nbd7 8. Be2 Be7 9. 0-0 0-0 10. Bd2 c5 11. Qb3 cxd4 12. exd4 Nb6 13. Rfd1 Bd6 14. Bg5 Rb8 15. Rac1 h6 16. Bxf6 Qxf6 17. Ne4 Qe7 18. Nxd6 Qxd6 19. Rc5 Bg6 20. Ne5 Be4 21. Nc4 Nxc4 22. Qxc4 Rfd8 23. Qc3 a6 24. Bf3 b6 25. Rc4 b5 26. Rc5 Bxf3 27. Qxf3 Rb6 28. Qc3 Qe7 29. Rc7 Rd7 30. Rc8+ Kh7 31. Qc2+ g6 32. Rc6 Rxc6 33. Qxc6 Rd6 34. Qc5 Qd7 35. b4 Rd5 36. Qf8 Qc7 37. g3 Rf5 38. g4 Rd5 39. Kg2 Qf4 40. Rc1 Rxd4 41. Rc8 Qe4+ 42. Kg3 Rd3+ 43. Kh2 Qf4+ 0-1

[Event "US Masters op"]
[Site "Hawaii"]
[Date "1998.07.21"]
[Round "1"]
[White "Shipman, Lewis A"]
[Black "Stevens, Lawrence"]
[Result "1/2-1/2"]
[WhiteElo "2125"]
[BlackElo "2210"]
[PlyCount "97"]
[EventDate "1998.07.??"]
[EventType "swiss"]
[EventRounds "9"]
[EventCountry "USA"]
[SourceTitle "EXT 1999"]
[Source "ChessBase"]
[SourceDate "1998.11.16"]
[SourceVersion "1"]
[SourceVersionDate "1998.11.16"]
[SourceQuality "1"]

1. e4 e5 2. Nf3 Nf6 3. d4 Nxe4 4. Nxe5 d5 5. Bd3 Bd6 6. Qf3 Nf6 7. Bg5 0-0 8. 0-0 Re8 9. Qf4 Nc6 10. Bxf6 Qxf6 11. Qxf6 gxf6 12. Nxc6 bxc6 13. Nd2 c5 14. dxc5 Bxc5 15. Rfe1 Bd7 16. Rxe8+ Rxe8 17. Kf1 Rb8 18. Rb1 Bd6 19. h3 c5 20. c4 Bf4 21. Nb3 dxc4 22. Bxc4 Bf5 23. Rd1 Rb4 24. Bd3 Bxd3+ 25. Rxd3 c4 26. Rd4 Be5 27. Rg4+ Kf8 28. Nd2 Rxb2 29. Nxc4 Rxa2 30. Re4 Ra4 31. g4 Bc7 32. Ke2 a5 33. Kd3 Rb4 34. Kc3 Be5+ 35. Kc2 a4 36. f4 Bc7 37. Kc3 Rb3+ 38. Kc2 Rxh3 39. Ne3 Rf3 40. Nd5 Bd6 41. Rxa4 Kg7 42. Kd2 Ra3 43. Rc4 Ra5 44. Ke3 Kg6 45. Ke2 Bc5 46. Ne3 Ra3 47. Nf5 h5 48. Nh4+ Kh6 49. Nf5+ 1/2-1/2